000 00439 a2200133 4500
001 ART_46054
005 20260410161731.0
008 260409a
245 1 0 _aAuditoría financiera en entornos de computación en la nube
100 1 _aLópez, María de los Á.
700 1 _aAlbanese, Diana
700 1 _aDurán, Regina
773 0 _tEscritos contables y de administración
_g- Vol. 4, Nº1 (ene./jun. 2013)
_wREV2758
999 _c17843
_d17843